Beginner's Spanish (Record no. 4788)

MARC details
000 -CABECERA
campo de control de longitud fija 01561nam a22003017a 4500
008 - DATOS DE LONGITUD FIJA--INFORMACIÓN GENERAL
campo de control de longitud fija 250625b |||||||| |||| 00| 0 eng d
020 ## - NÚMERO INTERNACIONAL ESTÁNDAR DEL LIBRO
Número Internacional Estándar del Libro 9781399812474
040 ## - FUENTE DE LA CATALOGACIÓN
Centro/agencia transcriptor tbs
041 ## - CÓDIGO DE LENGUA
Código de lengua del texto/banda sonora o título independiente eng
-- spa
100 ## - ENTRADA PRINCIPAL--NOMBRE DE PERSONA
Nombre de persona Stacey, Mark
9 (RLIN) 25558
Término indicativo de función/relación author
245 ## - MENCIÓN DE TÍTULO
Título Beginner's Spanish
Mención de responsabilidad, etc. / Mark Stacey, Angela González Hevia.
260 ## - PUBLICACIÓN, DISTRIBUCIÓN, ETC.
Lugar de publicación, distribución, etc. London :
Nombre del editor, distribuidor, etc. Teach Yourself,
Fecha de publicación, distribución, etc. 2024.
300 ## - DESCRIPCIÓN FÍSICA
Extensión xxi, 204 pages :
Otras características físicas illustrations, maps ;
Dimensiones 20 cm.
490 ## - MENCIÓN DE SERIE
Mención de serie Teach yourself
520 ## - SUMARIO, ETC.
Sumario, etc. If you are looking for a solid foundation to your language studies for school, work or travel, this engaging course will get you speaking, writing, reading and understanding Castilian Spanish in no time. Through authentic conversations, clear language presentations, and extensive practice and review, you will learn the Spanish you need to communicate naturally in everyday situations - from booking a hotel room to talking about friends and family.
650 #0 - PUNTO DE ACCESO ADICIONAL DE MATERIA--TÉRMINO DE MATERIA
Término de materia o nombre geográfico como elemento de entrada Spanish language
Subdivisión general Conversation and phrase books
-- English
9 (RLIN) 25338
650 #0 - PUNTO DE ACCESO ADICIONAL DE MATERIA--TÉRMINO DE MATERIA
Término de materia o nombre geográfico como elemento de entrada Spanish language
Subdivisión general Self-instruction
9 (RLIN) 25339
650 #0 - PUNTO DE ACCESO ADICIONAL DE MATERIA--TÉRMINO DE MATERIA
Término de materia o nombre geográfico como elemento de entrada Spanish language
Subdivisión general Textbooks for foreign speakers
-- English
9 (RLIN) 13590
650 #0 - PUNTO DE ACCESO ADICIONAL DE MATERIA--TÉRMINO DE MATERIA
Término de materia o nombre geográfico como elemento de entrada Spanish language
Subdivisión general Grammar
9 (RLIN) 10270
650 #0 - PUNTO DE ACCESO ADICIONAL DE MATERIA--TÉRMINO DE MATERIA
Término de materia o nombre geográfico como elemento de entrada Programmed instructional materials
9 (RLIN) 25559
655 #0 - TÉRMINO DE INDIZACIÓN--GÉNERO/FORMA
Datos o término principal de género/forma Phrase books
9 (RLIN) 25062
655 #0 - TÉRMINO DE INDIZACIÓN--GÉNERO/FORMA
Datos o término principal de género/forma Programmed instructional materials
9 (RLIN) 25329
655 #0 - TÉRMINO DE INDIZACIÓN--GÉNERO/FORMA
Datos o término principal de género/forma Instructional and educational works
9 (RLIN) 23270
655 #0 - TÉRMINO DE INDIZACIÓN--GÉNERO/FORMA
Datos o término principal de género/forma Informational works
9 (RLIN) 23310
655 #0 - TÉRMINO DE INDIZACIÓN--GÉNERO/FORMA
Datos o término principal de género/forma Self-instructional works
9 (RLIN) 25331
700 ## - ENTRADA AGREGADA--NOMBRE PERSONAL
Nombre de persona Hevia, Angela González
9 (RLIN) 25560
Término indicativo de función/relación author
942 ## - ELEMENTOS DE ENTRADA AGREGADA (KOHA)
Fuente del sistema de clasificación o colocación Clasificación de Library of Congress
Holdings
Estado de retiro Estado de pérdida Fuente del sistema de clasificación o colocación Estado dañado No para préstamo Biblioteca de origen Biblioteca actual Fecha de adquisición Total de préstamos Signatura topográfica completa Código de barras Fecha visto por última vez Fecha del último préstamo Número de copia Precio válido a partir de Tipo de ítem Koha
    Clasificación de Library of Congress     TBS Barcelona TBS Barcelona 25/06/2025 2 P-SP LEARN STA B07574 12/01/2026 05/12/2025 1 25/06/2025 Teach Yourself Spanish

Powered by Koha